| 000 | 00458cam a2200169ua 4500 | ||
|---|---|---|---|
| 020 | _cRs.30.00 | ||
| 041 |
_aeng _h |
||
| 082 |
_a324.22 _bBRE/SU |
||
| 100 | _aBrecher, Michael . | ||
| 245 |
_aSuccession in India: A study in decision making / _cMichael Brecher. _hTextual Documents |
||
| 260 |
_aCalcutta : _bOxford University Press , _c1966. |
||
| 300 | _a264 ; . | ||
| 365 | _aRs.30.00 | ||
| 504 | _a | ||
| 942 | _cBK | ||
| 999 |
_c11143 _d11143 |
||